1535 1562 1749 1487 1687 1568 1098 1057 1043 1147 1784 1775 1214 1589 1372 1578 1266 1087 1505 1670 1070 1340 1139 1217 1685 1985 1577 1017 1322 1185 1386 1603 1903 1667 1264 1600 1575 1504 1338 1897 1084 1491 1641 1454 1113 1658 1402 1151 1951 1712 1155 1549 1251 1445 1774 1612 1223 1520 1611 1827 1613 1223 1745 1320 1194 1910 1343 1079 1511 1184 1867 1142 1900 1954 1637 1233 1265 1265 1833 1706 1617 1376 1074 1555 1981 1871 1537 1937 1676 1946 1670 1562 1636 1947 1412 1496 1268 1989 1328 BCNSPRNW ULIB Ver.6.0+V

เปลี่ยนเป็นภาษาไทย

Change to English
 แสดงรายละเอียดบรรณานุกรม
  กลับหน้าหลัก

Brief Record : Get Marc (ISO 2709) : E-mail record : QR code < ปิดหน้าต่าง
LEADER : 00000nam 2200000uu 4500
001    13399112671
003     ULIB
008    110214s2548||||th 000 0 tha d
020    9749756584(ล.2)
050  4 K245.T5^bส719ค ล.2 2548
110 1  มหาวิทยาลัยสุโขทัยธรรมาธิราช^bสาขาวิชานิติศาสตร์
245 00 เอกสารการสอนชุดวิชา ความรู้เบื้องต้นเกี่ยวกับกฎหมายทั่วไป 8-15=^bGeneral princiles of law /^cสาขาวิชานิติศาสตร์ มหาวิทยาลัยสุโขทัยธรรมาธิราช
246 31 General princiles of law
250    พิมพ์ครั้งที่ 2
260    นนทบุรี:^bศูนย์หนังสือมหาวิทยาลัยสุโขทัยธรรมาธิราช,^c2548
300    324 หน้า
650  7 กฎหมาย
945    ^p0^l0^i018543
995    ทศพร
999 ^a ใช้งานได้ทุกระบบ
รายการนี้ยังไม่มีแท็ก
คุณยังไม่ได้ล็อกอิน คุณสามารถมีกิจกรรมร่วมกับเว็บไซต์ได้ แต่ต้องล็อกอินก่อน ::
  ล็อกอิน

รายการสื่อสารสนเทศ

ลำดับที่ ประเภท เลขเรียก/บาร์โค้ด สถานที่ สถานะ
- ไม่พบข้อมูล -

รายการใกล้เคียง
    หัวเรื่อง [กฎหมาย]

BibComment


ยังไม่เคยถูกคอมเมนท์

คอมเมนท์ทรัพยากรรายการนี้
  คอมเมนท์: เอกสารการสอนชุดวิ..


 Copyright 2026. Bcnsprnw @Library